Stamp artistry : combining stamps with beadwork, carving, collage, etching, fabric, metalwork, painting, polymer clay, repouss, and more
| Main Author: | Freeman-Zachery, Rice |
|---|---|
| Published: |
Gloucester, Mass.:
Rockport Pub.,
2003.
|
| Subjects: |
| LEADER | 00611cam a2200157 7i4500 | ||
|---|---|---|---|
| 001 | 0000038919 | ||
| 005 | 20110425090000.0 | ||
| 020 | |a 1592530117 (pbk.) | ||
| 020 | |a 9781592530113 | ||
| 090 | 0 | 0 | |a TT867 |b .F72 2003 |
| 100 | 1 | |a Freeman-Zachery, Rice | |
| 245 | 1 | 0 | |a Stamp artistry : |b combining stamps with beadwork, carving, collage, etching, fabric, metalwork, painting, polymer clay, repouss, and more |c Rice Freeman-Zachary. |
| 260 | |a Gloucester, Mass.: |b Rockport Pub., |c 2003. | ||
| 300 | |a 144 p.: |b col. ill.; |c 28 cm. | ||
| 650 | 0 | 0 | |a Rubber stamp printing |
| 999 | |a 0000043987 |b BOK |c OPEN SHELF |e 1st Floor, Bestari Jaya | ||


